000
00317nam a22001217a 4500
999
_c
4462
_d
4462
008
250225b ||||| |||| 00| 0 eng d
020
_a
9780711284234
082
_a
530.092 VEG
100
_a
VEGARA,MARIA ISABEL SANCHEZ
_e
AUTHOR
245
_a
STEPHEN HAWKING
260
_b
FRANCES LINCOLN CHILDREN'S BOOKS
942
_2
ddc